000 00283nam a2200109Ia 4500
008 220204s9999 xx 000 0 und d
082 _a624.042.7
_bSKI
100 _aSkinner, R Ivan
245 0 _aIntroduction to seismic isolation
260 _aNew York
_bJohn Wiley
_c1993
942 _cBK
999 _c43715
_d43715